000
00283nam a2200109Ia 4500
008
200302s9999 xx 000 0 und d
100
_a
Mel Byars
245
_a
New chairs Innovations in Design Technology and Materials
260
_b
Chronicle Books
260
_c
2006
300
_a
160 P.,
999
_c
4039
_d
4039